| 000 | 01352cam a2200433 4500 | ||
|---|---|---|---|
| 003 | PE-LiUPU | ||
| 005 | 20250731173344.0 | ||
| 020 | _a8472287998 | ||
| 035 | _a(Sirsi) i9788472287990 | ||
| 035 | _a(Sirsi) 10443 | ||
| 035 | _a(Sirsi) 10443 | ||
| 041 | _aes | ||
| 044 | _aes | ||
| 082 | 0 | 4 |
_a262.77 _bN35 |
| 100 | 1 | _aNee, Watchman | |
| 245 | 1 | 3 |
_aLa iglesia gloriosa / _cWatchman Nee. |
| 264 | 1 |
_aBarcelona : _bCLIE, _c[1985]. |
|
| 300 |
_a185 páginas ; _c20 cm. |
||
| 505 | 0 | _aEl plan y el reposo de Dios -- La figura de Eva -- El cuerpo y la esposa de Cristo -- La mujer dio a luz un hijo varón -- La ciudad Santa, la Jerusalén celestial | |
| 526 | _aSEG42 | ||
| 526 | _aSEG41 | ||
| 526 | _aSEG40 | ||
| 526 | _aSEG39 | ||
| 526 | _aP94 | ||
| 526 | _aP87 | ||
| 526 | _aP86 | ||
| 526 | _aP85 | ||
| 526 | _aP77 | ||
| 526 | _aP76 | ||
| 526 | _aP35 | ||
| 630 | 0 | 7 |
_aBiblia _vComentarios _2embne |
| 650 | 1 | 7 |
_aIglesia _2embne |
| 942 |
_2ddc _cBOOK |
||
| 949 |
_a262.77 N35 _i26052 _lCCODEBUL1 _mBUL _tLIBRO _o.STAFF. Circulación |
||
| 859 |
_q26052 _h262.77 _iN35 |
||
| 910 | _aaj-sj | ||
| 596 | _a1 | ||
| 999 |
_a262.77 N35 _wDEWEY _c49870 _i26052 _f2021-11-12 _g5 _lCCODEBUL1 _mBUL _r0 _sY _tBOOK _u2015-6-16 _xTEOLOGIA _zUNKNOWN _0COMPRA _o.STAFF. Colección General _d49870 |
||
| 980 |
_81 _gALBERTO SANCHEZ Responsable de Automatización |
||